Loading...
| BB | 2 | 7 | 0 | 1 | 100 | 44 | 97.67 | 3 | 9 | 0.00 | 0.00 |
| MB | 0 | 11 | 2 | 3 | 100 | 74 | 102.82 | 5 | 11 | 0.00 | 0.00 |
| AG | 0 | 7 | 1 | 2 | 65 | 77 | 106.86 | 2 | 7 | 0.00 | 0.00 |
| RC | 1 | 4 | 0 | 1 | 55 | 36 | 90.80 | 2 | 5 | 0.00 | 0.00 |
| RR | 0 | 5 | 0 | 2 | 50 | 76 | 106.40 | 3 | 5 | 0.00 | 0.00 |
| DM | 0 | 4 | 1 | 1 | 35 | 70 | 99.75 | 3 | 4 | 0.00 | 0.00 |
| AR | 0 | 4 | 1 | 1 | 35 | 79 | 107.00 | 3 | 4 | 0.00 | 0.00 |
| TR | 0 | 3 | 2 | 1 | 20 | 80 | 99.67 | 1 | 3 | 0.00 | 0.00 |
| MV | 0 | 0 | 1 | 0 | -5 | 0.00 | 0 | 0 | 0.00 | 0.00 |
| TR | New Zealand | -5 | 36 |
| RC | Nostromo: A Tale of the Seaboard | 15 | 36 |
| BB | cones | 15 | 44 |
| BB | fluid velocity | 15 | 55 |
| MB | Marcos family | -5 | 56 |
| DM | Party Down Catering | 10 | 70 |
| MB | Courtney Barnett | -5 | 71 |
| DM | Russia | 10 | 71 |
| TR | South Dakota | -5 | 71 |
| MB | lepers | 10 | 74 |